Model Theory and Modules /

সংরক্ষণ করুন:
গ্রন্থ-পঞ্জীর বিবরন
প্রধান লেখক: Prest, Mike
বিন্যাস: Sách giấy
ভাষা:English
প্রকাশিত: Cambridge : Cambridge University , 1988
ট্যাগগুলো: ট্যাগ যুক্ত করুন
কোনো ট্যাগ নেই, প্রথমজন হিসাবে ট্যাগ করুন!
Thư viện lưu trữ: Thư viện Trường Đại học Đà Lạt
LEADER 00555nam a2200241 4500
001 DLU020011019
005 ##12/7/1999
041 # # |a eng 
082 # # |a 511.3  |b PR-M 
090 # # |a 511.3  |b PR-M 
100 # # |a Prest, Mike 
245 # # |a Model Theory and Modules /  |c Prest Mike 
260 # # |a Cambridge :  |b Cambridge University ,  |c 1988 
300 # # |a X, 380 tr.;   |c 23 cm. 
992 # # |a 15000 
994 # # |a DLU 
900 # # |a False 
911 # # |a Administrator 
925 # # |a G 
926 # # |a A 
927 # # |a SH 
980 # # |a Thư viện Trường Đại học Đà Lạt